La servidumbre sexual masculina / (Record no. 86982)

MARC details
000 -LEADER
campo de control de longitud fija 00560nam a2200193 i 4500
001 - NÚMERO DE CONTROL
campo de control 86982
003 - IDENTIFICADOR DE NÚMERO DE CONTROL
campo de control ES-MaACL
005 - FECHA Y HORA DE LA ÚLTIMA TRANSACCIÓN
campo de control 20251204171147.0
007 - CAMPO FIJO DE DESCRIPCIÓN FÍSICA--INFORMACIÓN GENERAL
campo de control de longitud fija t|
008 - DATOS DE LONGITUD FIJA--INFORMACIÓN GENERAL
campo de control de longitud fija 041217s1969 sp ||||1| spa d
100 1# - ENTRADA PRINCIPAL--NOMBRE DE PERSONA
Nombre de persona Klinger, Franz.
9 (RLIN) 68275
245 13 - MENCIÓN DEL TÍTULO
Título La servidumbre sexual masculina /
Mención de responsabilidad, etc. Franz Klinger ; [traducción, José A. Bravo].
250 ## - MENCION DE EDICION
Mención de edición [1ª ed.].
260 ## - PUBLICACIÓN, DISTRIBUCIÓN, ETC.
Lugar de publicación, distribución, etc. Barcelona :
Nombre del editor, distribuidor, etc. Sagitario,
Fecha de publicación, distribución, etc. [1969]
300 ## - DESCRIPCIÓN FÍSICA
Extensión 193 p. ;
Dimensiones 19 cm.
700 ## - ENTRADA AGREGADA--NOMBRE PERSONAL
Nombre de persona Bravo, José Antonio
9 (RLIN) 198639
852 ## - LOCALIZACIÓN
Ubicación ES-MaACL
Número de control de estantería C-50966
Sublocalización o colección R.69672
Holdings
Estatus retirado Estado de pérdida Estado de daño No para préstamo Biblioteca de origen Biblioteca actual Ubicación en estantería Fecha de adquisición Fuente de adquisición Total de préstamos Signatura topográfica completa Código de barras Visto por última vez Precio de reemplazo Tipo de ítem Koha
        Biblioteca del Ateneo de Madrid Biblioteca del Ateneo de Madrid Depósito 2 17/01/2008     C-50966 1090880 23/02/2023 23/02/2023 Libro impreso